[Event "V Campeonato de España de Selecciones Au"]
[Site "Tossa de Mar"]
[Date "2010.05.01"]
[Round "5"]
[White "Antoli Royo, Joaquin Miguel"]
[Black "Alsina Leal, Daniel"]
[Result "0-1"]
[WhiteElo "2399"]
[BlackElo "2548"]
[PlyCount "33"]
[EventDate "2010.04.29"]
[EventType "team"]
[EventRounds "6"]
[EventCountry "ESP"]
[WhiteTeam "Aragón"]
[BlackTeam "Catalunya A"]

1. e4 c5 2. Nf3 Nc6 3. Bb5 Nf6 4. Nc3 g6 5. e5 Ng4 6. Qe2 Bg7 7. Bxc6 dxc6 8.
h3 Nh6 9. Ne4 b6 10. Nf6+ Kf8 11. Ne4 Nf5 12. c3 a5 13. d3 Ba6 14. c4 Nd4 15.
Nxd4 Qxd4 16. f4 Rd8 17. Nf2 0-1

[Event "V Campeonato de España de Selecciones Au"]
[Site "Tossa de Mar"]
[Date "2010.05.01"]
[Round "5"]
[White "Romero Holmes, Alfonso"]
[Black "Fontana Sotomayor, Luis Javier"]
[Result "1-0"]
[WhiteElo "2515"]
[BlackElo "2364"]
[PlyCount "121"]
[EventDate "2010.04.29"]
[EventType "team"]
[EventRounds "6"]
[EventCountry "ESP"]
[WhiteTeam "Catalunya A"]
[BlackTeam "Aragón"]

1. c4 e5 2. Nc3 Nc6 3. Nf3 Nf6 4. d3 d5 5. cxd5 Nxd5 6. g3 Be7 7. Bg2 Nb6 8.
O-O O-O 9. b3 Be6 10. Bb2 f6 11. Rc1 Qd7 12. Re1 Rfd8 13. Ne4 a5 14. a3 Bf8 15.
Qc2 Qf7 16. Ned2 Rd7 17. Nc4 Bd5 18. Bh3 Be6 19. Bxe6 Qxe6 20. Nxb6 cxb6 21.
Qc4 Qxc4 22. Rxc4 b5 23. Rc2 Re8 24. Rec1 e4 25. dxe4 Rxe4 26. Kf1 Re8 27. Rd2
Rxd2 28. Nxd2 f5 29. Nf3 Rd8 30. Ke1 g6 31. Rd1 Rxd1+ 32. Kxd1 h6 33. Kd2 Bc5
34. e3 Kf7 35. h3 Ke6 36. Kd3 Be7 37. e4 fxe4+ 38. Kxe4 Bc5 39. g4 Bxf2 40. Bc1
h5 41. Ng5+ Kf6 42. Kd5 Bd4 43. Ne4+ Ke7 44. gxh5 gxh5 45. Nd6 Bf2 46. Nxb7 Kd7
47. Nc5+ Kc7 48. Ne6+ Kb6 49. Bb2 Ne7+ 50. Ke4 Kc6 51. Nf4 h4 52. Bf6 Bc5 53.
Bb2 Bd6 54. Ng2 Bg3 55. Bf6 Nd5 56. Bxh4 Bd6 57. Be1 a4 58. b4 Bxb4 59. axb4 a3
60. Ne3 a2 61. Nc2 1-0

[Event "V Campeonato de España de Selecciones Au"]
[Site "Tossa de Mar"]
[Date "2010.05.01"]
[Round "5"]
[White "Forcen Esteban, Daniel"]
[Black "Oms Pallisse, Josep"]
[Result "1-0"]
[WhiteElo "2343"]
[BlackElo "2494"]
[PlyCount "103"]
[EventDate "2010.04.29"]
[EventType "team"]
[EventRounds "6"]
[EventCountry "ESP"]
[WhiteTeam "Aragón"]
[BlackTeam "Catalunya A"]

1. e4 e5 2. Bc4 Nf6 3. Nc3 Nc6 4. d3 Na5 5. Nge2 Nxc4 6. dxc4 Bc5 7. O-O d6 8.
Qd3 Be6 9. Na4 Nd7 10. Ng3 O-O 11. b3 a6 12. Nxc5 Nxc5 13. Qf3 b5 14. cxb5 axb5
15. Qe2 Qd7 16. f4 f6 17. Bb2 Qc6 18. fxe5 dxe5 19. a3 Nb7 20. Nf5 Bxf5 21.
exf5 Rfd8 22. Rf3 Rd5 23. Raf1 Rad8 24. Bc1 Qd7 25. Be3 Rd1 26. Rxd1 Qxd1+ 27.
Qxd1 Rxd1+ 28. Rf1 Rd5 29. g4 Nd6 30. Ra1 g6 31. fxg6 hxg6 32. a4 bxa4 33. bxa4
Nc4 34. Bf2 Kf7 35. Be1 Ne3 36. Ra2 Rd6 37. a5 Ra6 38. h3 Ke6 39. Kf2 Nc4 40.
Ke2 Kd5 41. h4 f5 42. h5 gxh5 43. gxh5 Kc5 44. Ra1 Kd4 45. Kf3 Nd6 46. Bd2 e4+
47. Kf4 Nc4 48. Bb4 Ne3 49. Bf8 Nd5+ 50. Kg5 Ke3 51. Bg7 Nf4 52. Ra3+ 1-0

[Event "V Campeonato de España de Selecciones Au"]
[Site "Tossa de Mar"]
[Date "2010.05.01"]
[Round "5"]
[White "Alonso Rosell, Alvar"]
[Black "Moreno Gracia, Daniel"]
[Result "1/2-1/2"]
[WhiteElo "2509"]
[BlackElo "2317"]
[PlyCount "49"]
[EventDate "2010.04.29"]
[EventType "team"]
[EventRounds "6"]
[EventCountry "ESP"]
[WhiteTeam "Catalunya A"]
[BlackTeam "Aragón"]

1. d4 d5 2. c4 c6 3. Nf3 Nf6 4. Nc3 e6 5. Bg5 dxc4 6. e4 b5 7. e5 h6 8. Bh4 g5
9. Nxg5 hxg5 10. Bxg5 Nbd7 11. exf6 Qa5 12. g3 b4 13. Ne4 Ba6 14. b3 O-O-O 15.
Bxc4 Bxc4 16. bxc4 Nc5 17. Nxc5 Bxc5 18. Be3 Bxd4 19. Bxd4 Qf5 20. Qa4 Qe4+ 21.
Be3 Qxh1+ 22. Ke2 Qxa1 23. Qxc6+ Kb8 24. Qb5+ Ka8 25. Qc6+ 1/2-1/2

[Event "V Campeonato de España de Selecciones Au"]
[Site "Tossa de Mar"]
[Date "2010.05.01"]
[Round "5"]
[White "Garcia Vicente, Nieves"]
[Black "Llaneza Vega, Patricia"]
[Result "0-1"]
[WhiteElo "2209"]
[BlackElo "2277"]
[PlyCount "86"]
[EventDate "2010.04.29"]
[EventType "team"]
[EventRounds "6"]
[EventCountry "ESP"]
[WhiteTeam "Aragón"]
[BlackTeam "Catalunya A"]

1. d4 Nf6 2. c4 g6 3. Nc3 Bg7 4. e4 d6 5. h3 O-O 6. Bg5 Na6 7. Bd3 Qe8 8. Qd2
e5 9. d5 Nh5 10. Nge2 f6 11. Be3 f5 12. f3 c5 13. exf5 gxf5 14. O-O-O Nf6 15.
Bc2 Nc7 16. g4 f4 17. Bf2 b5 18. cxb5 Nxb5 19. g5 Nxc3 20. Nxc3 Nh5 21. Ne4 Qd8
22. Qc3 Bf5 23. Rdg1 Bg6 24. Be1 Kh8 25. Qa5 Qe7 26. Qa6 Bxe4 27. Bxe4 Rab8 28.
Qd3 Ng3 29. Bxg3 fxg3 30. Rxg3 Rb4 31. Rh2 Rfb8 32. Rc2 Qb7 33. Qc3 Qa6 34. b3
Qf1+ 35. Kb2 c4 36. Rgg2 cxb3 37. axb3 Qb5 38. Kc1 Rxb3 39. Qc4 Qa5 40. Kd1
R3b4 41. Ra2 Qb6 42. Qe2 Rb1+ 43. Kd2 Qb4+ 0-1

[Event "V Campeonato de España de Selecciones Au"]
[Site "Tossa de Mar"]
[Date "2010.05.01"]
[Round "5"]
[White "Vila Gazquez, Xavier"]
[Black "Arribas Lopez, Angel"]
[Result "1-0"]
[WhiteElo "2456"]
[BlackElo "2441"]
[PlyCount "95"]
[EventDate "2010.04.29"]
[EventType "team"]
[EventRounds "6"]
[EventCountry "ESP"]
[WhiteTeam "Catalunya B"]
[BlackTeam "Madrid"]

1. d4 Nf6 2. Nf3 g6 3. Bf4 Bg7 4. e3 O-O 5. Be2 d6 6. h3 Nfd7 7. O-O e5 8. Bh2
Nc6 9. a4 e4 10. Nfd2 f5 11. a5 a6 12. c4 Qe7 13. Nc3 Nf6 14. Qa4 Bh6 15. Nd5
Qf7 16. Nb1 Nxd5 17. cxd5 Ne7 18. Nc3 f4 19. exf4 Bxf4 20. Bxf4 Qxf4 21. Qc4
Nf5 22. Bg4 Ne3 23. fxe3 Qxe3+ 24. Kh2 Bxg4 25. Rae1 Qh6 26. Nxe4 Qh4 27. Ng3
Rxf1 28. Rxf1 Rc8 29. Rf4 h5 30. Qd3 Kg7 31. Kg1 Qg5 32. Qe3 Rf8 33. Rf7+ Rxf7
34. Qxg5 Bd1 35. Qe3 Bc2 36. Qc3 Bb1 37. Qb3 h4 38. Nh1 Re7 39. Kf1 c6 40. dxc6
bxc6 41. Nf2 Rf7 42. Kg1 Re7 43. Kf1 Rf7 44. Qc4 Rb7 45. Qxc6 Rxb2 46. Qc7+ Kh8
47. Qd8+ Kg7 48. Qe7+ 1-0

[Event "V Campeonato de España de Selecciones Au"]
[Site "Tossa de Mar"]
[Date "2010.05.01"]
[Round "5"]
[White "Moreno Ruiz, Javier"]
[Black "Dominguez Pons, Eric"]
[Result "1/2-1/2"]
[WhiteElo "2459"]
[BlackElo "2312"]
[PlyCount "120"]
[EventDate "2010.04.29"]
[EventType "team"]
[EventRounds "6"]
[EventCountry "ESP"]
[WhiteTeam "Madrid"]
[BlackTeam "Catalunya B"]

1. c4 c6 2. g3 d5 3. Bg2 Nf6 4. Nf3 g6 5. b3 Bg7 6. Bb2 O-O 7. O-O Bg4 8. d3
Bxf3 9. Bxf3 Qd6 10. Nd2 Nbd7 11. Qc2 Rac8 12. Rac1 e6 13. Bg2 Rfd8 14. Nf3 c5
15. e3 b6 16. Rfd1 Qe7 17. Qe2 h6 18. d4 cxd4 19. Nxd4 e5 20. Nb5 a6 21. Na3
dxc4 22. Nxc4 b5 23. Ba3 Qe6 24. Na5 Nb8 25. Rxd8+ Rxd8 26. Nc6 Nxc6 27. Rxc6
Qf5 28. e4 Qd7 29. Rxa6 Qd1+ 30. Bf1 Qxe2 31. Bxe2 Nxe4 32. Bb4 Bf8 33. Bxf8
Kxf8 34. Bxb5 Rd1+ 35. Kg2 Rd2 36. Kf3 Nxf2 37. Bc4 f5 38. Ke3 Rb2 39. Rxg6
Ng4+ 40. Kd3 Nf2+ 41. Kc3 Nd1+ 42. Kb4 Rxa2 43. Kc5 Ne3 44. Rxh6 Kg7 45. Re6 e4
46. h3 Rg2 47. g4 Nxc4 48. Kxc4 fxg4 49. hxg4 Rxg4 50. Kd4 Kf7 51. Rb6 Ke7 52.
Kd5 Rg5+ 53. Kxe4 Kd7 54. Kd4 Kc7 55. Re6 Kb7 56. b4 Rh5 57. Kc4 Rh7 58. Kb5
Rg7 59. Ka5 Rh7 60. b5 Rg7 1/2-1/2

[Event "V Campeonato de España de Selecciones Au"]
[Site "Tossa de Mar"]
[Date "2010.05.01"]
[Round "5"]
[White "Colon Garcia, Enrique"]
[Black "Almagro Llamas, Pablo"]
[Result "0-1"]
[WhiteElo "2249"]
[BlackElo "2450"]
[PlyCount "64"]
[EventDate "2010.04.29"]
[EventType "team"]
[EventRounds "6"]
[EventCountry "ESP"]
[WhiteTeam "Catalunya B"]
[BlackTeam "Madrid"]

1. e4 c6 2. d4 d5 3. Nc3 dxe4 4. Nxe4 Bf5 5. Ng3 Bg6 6. h4 h6 7. Nf3 Nf6 8. Ne5
Bh7 9. Bd3 Bxd3 10. Qxd3 e6 11. Bd2 Bd6 12. f4 Nbd7 13. O-O-O Qc7 14. Kb1 O-O
15. Ne2 c5 16. Bc3 Nd5 17. Nxd7 c4 18. Qf3 Qxd7 19. g4 b5 20. Bd2 b4 21. f5
Rfc8 22. g5 c3 23. gxh6 cxd2 24. Rhg1 Qc6 25. Qg4 Qxc2+ 26. Ka1 g6 27. fxg6 f5
28. Qf3 Qe4 29. Qxe4 fxe4 30. Rxd2 e3 31. Rdd1 Rc2 32. Ng3 Bxg3 0-1

[Event "V Campeonato de España de Selecciones Au"]
[Site "Tossa de Mar"]
[Date "2010.05.01"]
[Round "5"]
[White "Gallardo Garcia, Andres"]
[Black "Sanchez Ibern, Marc"]
[Result "1/2-1/2"]
[WhiteElo "2412"]
[BlackElo "2265"]
[PlyCount "166"]
[EventDate "2010.04.29"]
[EventType "team"]
[EventRounds "6"]
[EventCountry "ESP"]
[WhiteTeam "Madrid"]
[BlackTeam "Catalunya B"]

1. e4 c5 2. Nf3 d6 3. Bb5+ Bd7 4. Bxd7+ Qxd7 5. O-O Nc6 6. c3 Nf6 7. Qe2 e6 8.
d4 cxd4 9. cxd4 d5 10. e5 Ne4 11. Be3 Be7 12. Ne1 f6 13. f3 Ng5 14. Nd3 O-O 15.
Bf2 Nf7 16. Nd2 fxe5 17. dxe5 b6 18. a3 Rac8 19. b4 Rc7 20. Nb3 Rfc8 21. Rad1
Ncd8 22. Ra1 Rc4 23. Rfd1 Bg5 24. a4 Nc6 25. b5 Nb4 26. Nxb4 Rxb4 27. Nd4 Nd8
28. a5 Be7 29. axb6 axb6 30. Ra6 Bc5 31. Qa2 Bxd4 32. Bxd4 Qxb5 33. Rxb6 Qc4
34. Qxc4 Rcxc4 35. Rxb4 Rxb4 36. Bc5 Rc4 37. Bd6 Nc6 38. Rd2 Nd4 39. Kf2 Kf7
40. g4 h5 41. h3 hxg4 42. hxg4 Nb5 43. Ra2 Nxd6 44. Ra7+ Kg6 45. exd6 Rc6 46.
Rd7 Kf6 47. f4 Rc8 48. g5+ Kf5 49. Ke3 e5 50. Rf7+ Ke6 51. Re7+ Kxd6 52. Rxe5
Rc3+ 53. Ke2 Ra3 54. Re8 Ra7 55. Kf3 Re7 56. Rc8 Ke6 57. Kg4 Kf7 58. Rd8 g6 59.
Rxd5 Kg7 60. Kf3 Kf7 61. Ra5 Kg7 62. Re5 Ra7 63. Re6 Ra3+ 64. Ke2 Ra2+ 65. Kd3
Ra3+ 66. Kd2 Ra2+ 67. Kc3 Ra4 68. Rf6 Ra3+ 69. Kb4 Rf3 70. Kc5 Rf2 71. Kd6 Ra2
72. Kc5 Ra4 73. Kb5 Re4 74. Kc6 Ra4 75. Kc5 Ra5+ 76. Kb4 Ra7 77. Rd6 Rf7 78.
Rd4 Ra7 79. Kc5 Kf7 80. Kb6 Ra2 81. Rd6 Ra4 82. Rf6+ Kg7 83. Kc5 Re4 1/2-1/2

[Event "V Campeonato de España de Selecciones Au"]
[Site "Tossa de Mar"]
[Date "2010.05.01"]
[Round "5"]
[White "Martinez Ramirez, Erik"]
[Black "Anton Guijarro, David"]
[Result "0-1"]
[WhiteElo "2162"]
[BlackElo "2304"]
[PlyCount "98"]
[EventDate "2010.04.29"]
[EventType "team"]
[EventRounds "6"]
[EventCountry "ESP"]
[WhiteTeam "Catalunya B"]
[BlackTeam "Madrid"]

1. e4 e6 2. Nf3 c5 3. Qe2 Nc6 4. g3 Be7 5. Bg2 d5 6. d3 Nf6 7. e5 Nd7 8. O-O
Qc7 9. Re1 b6 10. c4 d4 11. h4 h6 12. Na3 a6 13. Bf4 Bb7 14. Nc2 O-O-O 15. Rab1
Rdg8 16. g4 g5 17. hxg5 hxg5 18. Bg3 Rg6 19. b4 Rgh6 20. bxc5 Nxc5 21. Kf1 Na4
22. Qd2 Nc3 23. Rb3 Qd8 24. Rxc3 dxc3 25. Qxc3 Kb8 26. d4 Ka7 27. Rd1 Na5 28.
Ne3 Qc7 29. Qd3 Qc8 30. Nd2 Bb4 31. Ne4 Rh1+ 32. Bxh1 Rxh1+ 33. Ke2 Rxd1 34.
Kxd1 Bxe4 35. Qxe4 Nxc4 36. Qc2 b5 37. Nxc4 bxc4 38. f3 Ba5 39. Qa4 Bb6 40. Bf2
c3 41. Qc2 Qc4 42. Qe2 c2+ 43. Qxc2 Qf1+ 44. Be1 Qxf3+ 45. Kc1 Qxg4 46. Qc6
Qxd4 47. Bf2 Qxf2 48. Qd7+ Kb8 49. Qd6+ Kb7 0-1

[Event "V Campeonato de España de Selecciones Au"]
[Site "Tossa de Mar"]
[Date "2010.05.01"]
[Round "5"]
[White "Collado Barbas, Laura"]
[Black "Marin Benito, Carla"]
[Result "1/2-1/2"]
[WhiteElo "2055"]
[BlackElo "1812"]
[PlyCount "69"]
[EventDate "2010.04.29"]
[EventType "team"]
[EventRounds "6"]
[EventCountry "ESP"]
[WhiteTeam "Madrid"]
[BlackTeam "Catalunya B"]

1. d4 Nf6 2. c4 g6 3. Nc3 Bg7 4. Nf3 d6 5. e4 O-O 6. Be3 e5 7. dxe5 dxe5 8.
Qxd8 Rxd8 9. Nd5 Na6 10. O-O-O Bg4 11. Nxf6+ Bxf6 12. Rxd8+ Rxd8 13. a3 Bxf3
14. gxf3 Be7 15. b4 c5 16. b5 Nc7 17. Bh3 b6 18. Kc2 Ne8 19. a4 Nd6 20. Kc3 Nb7
21. Ra1 Na5 22. Re1 Bf6 23. Bf1 Bh4 24. Be2 Rd7 25. Rg1 Bf6 26. Kc2 Bh4 27. Rg2
Bf6 28. Bc1 Rd8 29. Bb2 Bg7 30. Bc3 Rd7 31. Rg1 Bh6 32. Rb1 Rd6 33. Bd3 Bf4 34.
h3 f6 35. h4 1/2-1/2

[Event "V Campeonato de España de Selecciones Au"]
[Site "Tossa de Mar"]
[Date "2010.05.01"]
[Round "5"]
[White "Gomez Esteban, Juan Mario"]
[Black "Huerga Leache, Mikel"]
[Result "1/2-1/2"]
[WhiteElo "2490"]
[BlackElo "2446"]
[PlyCount "20"]
[EventDate "2010.04.29"]
[EventType "team"]
[EventRounds "6"]
[EventCountry "ESP"]
[WhiteTeam "Euskadi"]
[BlackTeam "Navarra"]

1. d4 d5 2. c4 c6 3. Nf3 Nf6 4. Qc2 dxc4 5. Qxc4 Bf5 6. g3 Nbd7 7. Bg2 e6 8.
Nc3 Be7 9. O-O O-O 10. e3 b5 1/2-1/2

[Event "V Campeonato de España de Selecciones Au"]
[Site "Tossa de Mar"]
[Date "2010.05.01"]
[Round "5"]
[White "De La Villa Garcia, Jesus Maria"]
[Black "Franco Alonso, Alejandro"]
[Result "1/2-1/2"]
[WhiteElo "2494"]
[BlackElo "2472"]
[PlyCount "52"]
[EventDate "2010.04.29"]
[EventType "team"]
[EventRounds "6"]
[EventCountry "ESP"]
[WhiteTeam "Navarra"]
[BlackTeam "Euskadi"]

1. e4 c5 2. Nf3 e6 3. d4 cxd4 4. Nxd4 Nf6 5. Nc3 d6 6. Be3 Nc6 7. Qd2 Be7 8. f3
O-O 9. O-O-O d5 10. Be2 Nxd4 11. Bxd4 dxe4 12. fxe4 Nd7 13. Kb1 e5 14. Be3 Nf6
15. Qe1 Qc7 16. Qg3 Be6 17. Bh6 Ne8 18. Bb5 Bf6 19. Rhf1 Qe7 20. Bxe8 Rfxe8 21.
Nd5 Bxd5 22. exd5 Rad8 23. Rxf6 Qxf6 24. Bg5 Qf5 25. Bxd8 Rxd8 26. a4 h6
1/2-1/2

[Event "V Campeonato de España de Selecciones Au"]
[Site "Tossa de Mar"]
[Date "2010.05.01"]
[Round "5"]
[White "Argandona Riveiro, Inigo"]
[Black "Navarro Cia, Miguel"]
[Result "1/2-1/2"]
[WhiteElo "2388"]
[BlackElo "2326"]
[PlyCount "31"]
[EventDate "2010.04.29"]
[EventType "team"]
[EventRounds "6"]
[EventCountry "ESP"]
[WhiteTeam "Euskadi"]
[BlackTeam "Navarra"]

1. Nf3 f5 2. d3 d6 3. e4 e5 4. Nc3 Nf6 5. exf5 Bxf5 6. d4 e4 7. Nh4 Bc8 8. Bg5
Be7 9. Bxf6 Bxf6 10. Qh5+ g6 11. Nxg6 hxg6 12. Qxg6+ Kd7 13. Nd5 Be7 14. Be2
Qe8 15. Qg7 Qf8 16. Qxf8 1/2-1/2

[Event "V Campeonato de España de Selecciones Au"]
[Site "Tossa de Mar"]
[Date "2010.05.01"]
[Round "5"]
[White "Zamarbide Inarrea, Daniel"]
[Black "Astasio Lopez, David"]
[Result "1-0"]
[WhiteElo "2162"]
[BlackElo "2303"]
[PlyCount "121"]
[EventDate "2010.04.29"]
[EventType "team"]
[EventRounds "6"]
[EventCountry "ESP"]
[WhiteTeam "Navarra"]
[BlackTeam "Euskadi"]

1. e4 c5 2. Nf3 e6 3. d4 cxd4 4. Nxd4 Nf6 5. Nc3 Nc6 6. Ndb5 Bb4 7. a3 Bxc3+ 8.
Nxc3 d5 9. Bd3 Ne5 10. Bg5 O-O 11. exd5 exd5 12. O-O Be6 13. Qe2 Nxd3 14. Qxd3
h6 15. Bh4 Rc8 16. Rad1 Rc4 17. Qxc4 dxc4 18. Rxd8 Rxd8 19. Bxf6 gxf6 20. Rd1
Rc8 21. f3 Rc6 22. Rd2 Rb6 23. Nd1 c3 24. Rd8+ Kg7 25. b4 Ra6 26. Nxc3 Rxa3 27.
Rd3 Bc4 28. Re3 Ra1+ 29. Kf2 Rc1 30. Kg3 Rxc2 31. Ne4 Bf1 32. Nf2 Rb2 33. Re4
f5 34. Rf4 Kg6 35. Rd4 b5 36. h4 h5 37. Rd6+ f6 38. Rd4 a6 39. Nd1 Rxg2+ 40.
Kf4 Rh2 41. Kg3 Re2 42. Kf4 Rh2 43. Kg3 Rh3+ 44. Kf2 Rh1 45. Ne3 Bh3 46. Nd5
Bf1 47. Rd1 Rxh4 48. Kxf1 Rc4 49. Kf2 f4 50. Ke2 Kf5 51. Rh1 Ke5 52. Rxh5+ f5
53. Ne7 Ke6 54. Nxf5 Rxb4 55. Kd3 Kd7 56. Nd4 Rb1 57. Rh6 a5 58. Rh5 a4 59.
Rxb5 Re1 60. Rd5+ Kc8 61. Nc2 1-0

[Event "V Campeonato de España de Selecciones Au"]
[Site "Tossa de Mar"]
[Date "2010.05.01"]
[Round "5"]
[White "Munoz Perez, Miriam"]
[Black "Montoya Irigoyen, Inigo"]
[Result "1-0"]
[WhiteElo "2064"]
[BlackElo "2083"]
[PlyCount "83"]
[EventDate "2010.04.29"]
[EventType "team"]
[EventRounds "6"]
[EventCountry "ESP"]
[WhiteTeam "Euskadi"]
[BlackTeam "Navarra"]

1. e4 c5 2. Nf3 e6 3. d4 cxd4 4. Nxd4 Nc6 5. Nc3 Qc7 6. Be2 a6 7. O-O Nf6 8.
Be3 Bb4 9. Bg5 Bxc3 10. Bxf6 gxf6 11. bxc3 Ne5 12. Qd2 d6 13. Qh6 Ke7 14. Qe3
Bd7 15. f4 Nc4 16. Bxc4 Qxc4 17. e5 Rhg8 18. exd6+ Kxd6 19. Rab1 Kc7 20. f5 Bc6
21. g3 e5 22. Rb4 Qd5 23. Nxc6 Qxc6 24. Rfb1 b5 25. a4 Rgd8 26. axb5 axb5 27.
Rxb5 Rd1+ 28. Rxd1 Qxb5 29. Qd3 Qc5+ 30. Kg2 Qc6+ 31. Kh3 Re8 32. Qd5 Qxd5 33.
Rxd5 Kc6 34. Ra5 Kb6 35. Rd5 Kc6 36. Ra5 Kb6 37. Ra4 Kb5 38. Ra7 Kc4 39. Rc7+
Kd5 40. Rxf7 Ke4 41. Rxf6 Kf3 42. Re6 1-0

[Event "V Campeonato de España de Selecciones Au"]
[Site "Tossa de Mar"]
[Date "2010.05.01"]
[Round "5"]
[White "Mascaro March, Pedro"]
[Black "Salgado Lopez, Ivan"]
[Result "0-1"]
[WhiteElo "2359"]
[BlackElo "2592"]
[PlyCount "68"]
[EventDate "2010.04.29"]
[EventType "team"]
[EventRounds "6"]
[EventCountry "ESP"]
[WhiteTeam "Balears"]
[BlackTeam "Galicia"]

1. d4 Nf6 2. c4 e6 3. Nc3 Bb4 4. e3 b6 5. Bd3 Bb7 6. Nf3 O-O 7. O-O d5 8. cxd5
exd5 9. a3 Bd6 10. b4 a6 11. Qb3 Qe7 12. Re1 Nbd7 13. b5 axb5 14. Nxb5 c5 15.
Nxd6 Qxd6 16. dxc5 bxc5 17. Bf5 Rab8 18. Bxd7 Nxd7 19. a4 Qg6 20. Ba3 Rfc8 21.
Qd1 h6 22. Rc1 Qa6 23. Nh4 Ne5 24. Rxc5 Rxc5 25. Bxc5 Nd3 26. Bd4 Nxe1 27. Qg4
g5 28. Qg3 Re8 29. f4 Qd6 30. Nf5 Qg6 31. fxg5 Qxf5 32. gxh6+ Qg6 33. Qxe1 Kh7
34. Qb4 Bc8 0-1

[Event "V Campeonato de España de Selecciones Au"]
[Site "Tossa de Mar"]
[Date "2010.05.01"]
[Round "5"]
[White "Caselas Cabanas, Jacobo"]
[Black "Pons Carreras, David"]
[Result "1-0"]
[WhiteElo "2428"]
[BlackElo "2297"]
[PlyCount "61"]
[EventDate "2010.04.29"]
[EventType "team"]
[EventRounds "6"]
[EventCountry "ESP"]
[WhiteTeam "Galicia"]
[BlackTeam "Balears"]

1. d4 Nf6 2. Bg5 Ne4 3. Bf4 e6 4. e3 d5 5. Bd3 Bd6 6. Bxe4 Bxf4 7. exf4 dxe4 8.
Nc3 f5 9. Qd2 O-O 10. O-O-O Qd6 11. f3 exf3 12. Nxf3 Nd7 13. Rhe1 c6 14. Ne5
Nf6 15. h3 Bd7 16. Qe3 Rae8 17. g4 Nd5 18. Nxd5 cxd5 19. Rd3 Bb5 20. Rb3 Ba6
21. Rc3 Re7 22. a3 fxg4 23. hxg4 Rc7 24. Rxc7 Qxc7 25. Rg1 g6 26. Kb1 Bb5 27.
g5 Ba4 28. b3 Be8 29. Ng4 Qxf4 30. Qxe6+ Kh8 31. Nf6 1-0

[Event "V Campeonato de España de Selecciones Au"]
[Site "Tossa de Mar"]
[Date "2010.05.01"]
[Round "5"]
[White "Tattersall Rodriguez, Lester"]
[Black "Suarez Pousa, Diego"]
[Result "0-1"]
[WhiteElo "2285"]
[BlackElo "2419"]
[PlyCount "74"]
[EventDate "2010.04.29"]
[EventType "team"]
[EventRounds "6"]
[EventCountry "ESP"]
[WhiteTeam "Balears"]
[BlackTeam "Galicia"]

1. Nf3 Nf6 2. c4 e6 3. g3 d5 4. d4 Be7 5. Bg2 O-O 6. O-O dxc4 7. Ne5 Nc6 8.
Nxc6 bxc6 9. Qc2 Rb8 10. Nd2 Qxd4 11. Nxc4 Nd5 12. Na5 Nb4 13. Qa4 Ba6 14. Be3
Bb5 15. Qb3 Qf6 16. Nc4 a5 17. Nxa5 Bxe2 18. Rfe1 Nd3 19. Rxe2 Rxb3 20. Nxb3 e5
21. Be4 Nb4 22. Rd2 Ra8 23. a3 Nd5 24. Bxd5 cxd5 25. Rxd5 h5 26. Rc1 h4 27. Nd2
Qe6 28. Rd3 Bd6 29. Ne4 Qf5 30. Rc4 Qf3 31. Nd2 Qe2 32. Rdc3 h3 33. Rh4 Rb8 34.
Rc1 Rxb2 35. Nf1 f5 36. Rxh3 f4 37. Ba7 c5 0-1

[Event "V Campeonato de España de Selecciones Au"]
[Site "Tossa de Mar"]
[Date "2010.05.01"]
[Round "5"]
[White "Sanchez Aller, Fernando"]
[Black "Munoz Agullo, Jose Francisco"]
[Result "0-1"]
[WhiteElo "2290"]
[BlackElo "2274"]
[PlyCount "102"]
[EventDate "2010.04.29"]
[EventType "team"]
[EventRounds "6"]
[EventCountry "ESP"]
[WhiteTeam "Galicia"]
[BlackTeam "Balears"]

1. e4 c5 2. Nc3 e6 3. Nf3 a6 4. g3 b5 5. d4 cxd4 6. Nxd4 Bb7 7. Bg2 Nf6 8. O-O
d6 9. Re1 e5 10. Nf5 g6 11. Ne3 Bg7 12. a4 bxa4 13. Nc4 O-O 14. Qxd6 Nbd7 15.
Bg5 Rc8 16. Nxe5 Nxe5 17. Qxe5 Re8 18. Qf4 h6 19. Bxh6 Nh5 20. Qd2 Bxc3 21.
bxc3 Qa5 22. g4 Nf6 23. Qd4 Qxc3 24. Qxc3 Rxc3 25. h3 Nxe4 26. Rxa4 f5 27. Rb1
Bc8 28. Ra2 Kf7 29. Be3 Rxe3 30. fxe3 Nc3 31. Rab2 Nxb1 32. Rxb1 Rxe3 33. g5
Rc3 34. Rb6 Rxc2 35. Bd5+ Kg7 36. Bc6 a5 37. Be8 Rc3 38. Rxg6+ Kf8 39. Bb5 Rxh3
40. Bc4 Bd7 41. Rf6+ Ke7 42. Kf2 Rh4 43. Bd5 Rg4 44. Rg6 a4 45. Rg7+ Kd6 46.
Bf3 Rb4 47. Rg6+ Be6 48. Rg7 a3 49. Ra7 a2 50. g6 Rb1 51. Ra6+ Ke7 0-1

[Event "V Campeonato de España de Selecciones Au"]
[Site "Tossa de Mar"]
[Date "2010.05.01"]
[Round "5"]
[White "Castell Cantero, Salvador"]
[Black "Villar Perez, Samuel"]
[Result "1-0"]
[WhiteElo "1945"]
[BlackElo "2086"]
[PlyCount "68"]
[EventDate "2010.04.29"]
[EventType "team"]
[EventRounds "6"]
[EventCountry "ESP"]
[WhiteTeam "Balears"]
[BlackTeam "Galicia"]

1. d4 Nf6 2. c4 g6 3. Nc3 d5 4. cxd5 Nxd5 5. Bd2 Nxc3 6. Bxc3 Bg7 7. e4 c5 8.
d5 Bxc3+ 9. bxc3 Nd7 10. Be2 Nf6 11. Bf3 e5 12. Ne2 O-O 13. g3 Bh3 14. Ng1 Bd7
15. Bg2 Qa5 16. Qc2 Ba4 17. Qd2 Bb5 18. f3 Ne8 19. Ne2 Nd6 20. O-O Bxe2 21.
Qxe2 Qxc3 22. Rac1 Qd4+ 23. Kh1 c4 24. Rfd1 Qc5 25. f4 Rfe8 26. Qg4 b5 27. Qg5
Nb7 28. d6 Nxd6 29. f5 Nb7 30. Rd5 Qb6 31. f6 Rad8 32. Rxb5 Qc6 33. Rxb7 c3 34.
Rc7 Qb6 1-0

[Event "V Campeonato de España de Selecciones Au"]
[Site "Tossa de Mar"]
[Date "2010.05.01"]
[Round "5"]
[White "Beltran Ortiz, Edda Georgina"]
[Black "Gallardo Pina, Neus"]
[Result "1-0"]
[WhiteElo "1900"]
[BlackElo "1808"]
[PlyCount "61"]
[EventDate "2010.04.29"]
[EventType "team"]
[EventRounds "6"]
[EventCountry "ESP"]
[WhiteTeam "Galicia"]
[BlackTeam "Balears"]

1. e4 c5 2. Nf3 b6 3. d4 cxd4 4. Nxd4 Bb7 5. Nc3 e6 6. Bd3 Nc6 7. Nxc6 dxc6 8.
O-O Nf6 9. Bg5 Be7 10. Qf3 c5 11. Bb5+ Nd7 12. Rad1 Bc8 13. Bf4 a6 14. Bc6 Ra7
15. Qg3 O-O 16. Bb8 Rb7 17. Bxb7 Bxb7 18. Bf4 Qc8 19. Bd6 Bxd6 20. Qxd6 Bc6 21.
Rd2 Qb7 22. f3 Nf6 23. Rfd1 Rc8 24. Qg3 h6 25. Rd8+ Rxd8 26. Rxd8+ Kh7 27. Qb8
Qe7 28. Qd6 Qb7 29. Rb8 Qa7 30. Rc8 Be8 31. e5 1-0

[Event "V Campeonato de España de Selecciones Au"]
[Site "Tossa de Mar"]
[Date "2010.05.01"]
[Round "5"]
[White "Llaneza Vega, Marcos"]
[Black "Cacho Reigadas, Sergio"]
[Result "0-1"]
[WhiteElo "2514"]
[BlackElo "2496"]
[PlyCount "88"]
[EventDate "2010.04.29"]
[EventType "team"]
[EventRounds "6"]
[EventCountry "ESP"]
[WhiteTeam "Asturias"]
[BlackTeam "Cantabria"]

1. e4 c5 2. Nc3 Nc6 3. Nf3 g6 4. Bb5 Bg7 5. O-O Nd4 6. a4 a6 7. Bc4 d6 8. d3 e6
9. Nxd4 cxd4 10. Ne2 Ne7 11. Bg5 O-O 12. Qd2 Re8 13. c3 d5 14. exd5 exd5 15.
Ba2 dxc3 16. bxc3 Be6 17. Nd4 Qa5 18. Nxe6 Bxc3 19. Qf4 fxe6 20. Rac1 Nc6 21.
h4 Qb4 22. Qg3 Be5 23. f4 Bg7 24. h5 Qb2 25. f5 Be5 26. Bf4 Bxf4 27. Qxf4 gxf5
28. Rb1 Qd4+ 29. Qxd4 Nxd4 30. Rxb7 Rab8 31. Ra7 Ne2+ 32. Kh2 Rb2 33. Bxd5 exd5
34. Rxf5 Rb4 35. g3 Rg4 36. Rxd5 Rxg3 37. Rxa6 Rg7 38. Rda5 Nf4 39. Ra8 Rg2+
40. Kh1 Rxa8 41. Rxa8+ Kg7 42. a5 Ra2 43. a6 Nxd3 44. a7 Ne5 0-1